| 000 | 00509nam a22001697a 4500 | ||
|---|---|---|---|
| 003 | BD-DhUL | ||
| 005 | 20190827151500.0 | ||
| 008 | 190827s1918 ii ||||| |||| 00| 0 urd d | ||
| 040 |
_aBD-DhUL _cBD-DhUL |
||
| 082 |
_a954 _bNAR |
||
| 100 | 3 | _aناراین پرشاد | |
| 245 | 1 | 0 |
_aرہنمایان ہند : _cناراین پرشاد _bحصہ ۱ / |
| 260 |
_aعلی گڑھ : _bمطبع انسیٹٹوٹ، _c۱۹۱۸۔ |
||
| 300 |
_aحصہ ۱ ؛ _c۲۲ سم۔ |
||
| 650 | 4 | _aIndia - History | |
| 942 |
_2ddc _cBK |
||
| 999 |
_c249449 _d249449 |
||